| 000 | 00730nam a2200205 i 4500 | ||
|---|---|---|---|
| 005 | 20250421140604.0 | ||
| 008 | 250421s2015 enk fr|||| 00| 0 eng d | ||
| 020 | _a978-0-19-968322-2 | ||
| 040 |
_aCENDOC CAAAP _bspa _cCAAAP |
||
| 041 | _aeng | ||
| 050 |
_aP121 _b.A35 |
||
| 100 | 1 |
_95423 _aAikhenvald, Alexandra Y. _eautor |
|
| 245 |
_aThe art of grammar : _ba practical guide / _cAlexandra Y. Aikhenvald |
||
| 250 | _a1ra. ed. | ||
| 260 | 1 |
_aOxford, Inglaterra : _bOxford University Press, _c2015 |
|
| 300 |
_axxiii, 380 p ; _c24 x 16 cm |
||
| 500 |
_3Notas generales _aIncluye referencias bibliográficas e índice. |
||
| 650 | 0 |
_94358 _aGramática _vLingüística tipológica. _xLenguaje y lenguas |
|
| 942 |
_2lcc _b21/04/2025 _cBK |
||
| 999 |
_c3938 _d3938 |
||